000 00898nam a2200265 i 4500
001 177556
003 ES-MaACL
005 20250717142013.0
007 t|
008 110401s1976 sp ao r ||||1| spa d
020 _a84-312-0211-4
080 _a94(460)"1936/1939"
080 _a94(460.285)"1936/1939"
100 1 _aCasas de la Vega, Rafael.
_936218
245 1 3 _aEl Alcázar /
_cRafael Casas de la Vega.
260 _aMadrid :
_bG. del Toro,
_cD. L. 1976.
300 _a392 p. :
_bil. bl. y n. ;
_c24 cm.
490 1 _aMemorias de la guerra civil española 1936-39 ;
_v26
504 _aBibliografía: p. 351-361.
610 0 4 _aAlcázar de Toledo-
_y1936 (Sitio)
_91326
651 4 _aEspaña-
_xHistoria-
_y1936-1939, Guerra civil.
_98292
830 0 0 _aMemorias de la guerra civil española 1936-39
_v26
_9181851
852 _aES-MaACL
_jE-14771
_xOlim P-1031
999 _c177556
_d177556